Building construction (Record no. 5157)

MARC details
000 -LEADER
fixed length control field 00610nam a2200181Ia 4500
003 - CONTROL NUMBER IDENTIFIER
control field SGT
020 ## - INTERNATIONAL STANDARD BOOK NUMBER
International Standard Book Number 9789380358154
082 ## - DEWEY DECIMAL CLASSIFICATION NUMBER
Classification number 690
Item number RAN
100 ## - MAIN ENTRY--PERSONAL NAME
Personal name Rangwala
245 ## - TITLE STATEMENT
Title Building construction
250 ## - EDITION STATEMENT
Edition statement 28rev. . Ed.
260 ## - PUBLICATION, DISTRIBUTION, ETC. (IMPRINT)
Name of publisher, distributor, etc Charotar Publishing House Pvt. Ltd.
Place of publication, distribution, etc Gujarat
Year of Publication 2010
300 ## - PAGE DESCRIPTION
No. of Pages 752p.
650 ## - SUBJECT ADDED ENTRY--TOPICAL TERM
Topical term or geographic name as entry element CIVIL ENGINEERING
653 ## - KEYWORDS--INDEX TERM
Keyword term BUILDING CONSTRUCTION, FUNCTIONAL PLANNING OF BUILDINGS,IMPORTANT BUILDINGS COMPONENTS, FOUNDATIONS
856 ## - ELECTRONIC LOCATION AND ACCESS
Uniform Resource Identifier https://docs.google.com/viewer?a=v&pid=sites&srcid=bWl0ci5paXRtLmFjLmlufGlpdG1jaXZpbHxneDo1MWYxNGZiODVkYWQ3NTNj
942 ## - ADDED ENTRY ELEMENTS (KOHA)
Source of classification or shelving scheme Dewey Decimal Classification
Koha item type Books
942 ## - ADDED ENTRY ELEMENTS (KOHA)
-- 9
Holdings
Withdrawn status Lost status Source of classification or shelving scheme Damaged status Not for loan Home library Current library Date acquired SGTU Total Checkouts Full call number Accession No. (Barcode) Date last seen Bill Date Koha item type Date last borrowed Total Renewals Use restrictions Collection code Shelving location
    Dewey Decimal Classification     SGT Engineering Library SGT Engineering Library 24/06/2011 SGTU   690 RAN FE2957 09/02/2015 09/02/2015 Books          
    Dewey Decimal Classification     SGT Engineering Library SGT Engineering Library 24/06/2011 SGTU   690 RAN FE2958 09/02/2015 09/02/2015 Books          
    Dewey Decimal Classification     SGT Engineering Library SGT Engineering Library 24/06/2011 SGTU   690 RAN FE2959 09/02/2015 09/02/2015 Books          
    Dewey Decimal Classification     SGT Engineering Library SGT Engineering Library 24/06/2011 SGTU 9 690 RAN FE2960 04/05/2024 09/02/2015 Books 04/05/2024        
    Dewey Decimal Classification     SGT Engineering Library SGT Engineering Library 24/06/2011 SGTU   690 RAN FE2961 09/02/2015 09/02/2015 Books          
    Dewey Decimal Classification     SGT Engineering Library SGT Engineering Library 24/06/2011 SGTU 2 690 RAN FE2962 23/12/2020 09/02/2015 Books 19/11/2019 1      
    Dewey Decimal Classification     SGT Engineering Library SGT Engineering Library 24/06/2011 SGTU   690 RAN FE2963 09/02/2015 09/02/2015 Books          
    Dewey Decimal Classification     SGT Engineering Library SGT Engineering Library 24/06/2011 SGTU 6 690 RAN FE2964 12/01/2026 09/02/2015 Books 12/01/2026 3      
    Dewey Decimal Classification   Not For Loan SGT Engineering Library SGT Engineering Library 24/06/2011 SGTU   690 RAN FE2965 09/02/2015 09/02/2015 Books     Restricted Access ENGINEERING Reference Book
    Dewey Decimal Classification     SGT Engineering Library SGT Engineering Library 24/06/2011 SGTU 2 690 RAN FE2966 27/09/2019 09/02/2015 Books 10/09/2019